Les joueurs de l'Algérie depuis leur dernier trophée - Statistiques

Statistiques générales
  • Ce quiz a été pris 51 fois
  • Le résultat moyen est 27 sur 92
Statistiques - réponses
Hint Réponse Clubs (depuis le 19/12/2021) % Correct
A Riyad Mahrez Manchester City, Al-Ahli
92%
A Islam Slimani Olympique Lyonnais, Sporting CP, Stade Brestois, RSC Anderlecht, Coritiba FC, FC Malines, CR Belouizdad, KVC Westerlo (prêt)
82%
A Baghdad Bounedjah Al-Sadd, Al-Shamal
79%
M Ismaël Bennacer AC Milan, Olympique de Marseille (prêt)
79%
A Youcef Belaïli Qatar SC, Stade Brestois, AC Ajaccio, MC Alger, ES Tunis
79%
D Aïssa Mandi Villarreal CF, LOSC Lille
74%
D Ramy Bensebaini Borussia Mönchengladbach, Borussia Dortmund
71%
A Billal Brahimi Angers SCO, OGC Nice, Stade Brestois (prêt), Saint-Trond VV (prêt)
68%
A Yacine Brahimi Al-Rayyan, Al-Gharafa
68%
D Youcef Atal OGC Nice, Adana Demirspor, Al-Sadd SC
68%
M Hicham Boudaoui OGC Nice
63%
M Mohamed Ait El Hadj USM Alger, Paradou AC
63%
A Mohamed Amoura FC Lugano, Union SG, VFL Wolfsburg (prêt), VFL Wolfsburg
63%
D Rayan Aït-Nouri Wolverhampton Wanderers
63%
A Anis Hadj Moussa RC Lens, Olympique Charleroi, Patro Eisden, Vitesse Arnhem (prêt), Feyenoord Rotterdam
61%
M Nabil Bentaleb Angers SCO, LOSC Lille
61%
G Raïs M'Bolhi Al-Ettifaq, Al-Qadsiah, CR Belouizdad
61%
M Ibrahim Maza Hertha BSC
58%
A Adam Ounas SSC Napoli, LOSC Lille, Al-Sadd
55%
M Ramiz Zerrouki FC Twente, Feyenoord Rotterdam
55%
M Sofiane Feghouli Galatasaray, Fatih Karagümrük
55%
G Anthony Mandréa Angers SCO, SM Caen
53%
G Alexandre Oukidja FC Metz
50%
M Farès Chaïbi Toulouse FC, Eintracht Francfort
50%
D Mohamed Amine Tougai ES Tunis
50%
A Amine Gouiri OGC Nice, Stade Rennais, Olympique de Marseille
47%
G Alexis Guendouz USM Alger, CR Belouizdad, Persepolis FC
45%
A Andy Delort OGC Nice, FC Nantes (prêt), FC Nantes, Umm Salal SC, MC Alger, Montpellier HSC (prêt)
45%
M Houssem Aouar Olympique Lyonnais, AS Roma, Al-Ittihad
45%
A Saïd Benrahma Brentford, West Ham (prêt), West Ham, Olympique Lyonnais (prêt), Olympique Lyonnais, NEOM SC (prêt), NEOM SC
45%
D Djamel Eddine Benlamri Qatar SC, Al-Khaleej, Wydad AC, Al-Wasl, MC Alger, Al-Shorta, ES Mostaganem
42%
D Jaouen Hadjam Paris FC, FC Nantes, BSC Young Boys
42%
M Adem Zorgane RSC Charleroi
39%
D Zineddine Belaid USM Alger, Saint-Trond VV
39%
D Ahmed Touba RKC Waalwijk, Istanbul Basaksehir, US Lecce (prêt), FC Malines (prêt)
34%
A Badredine Bouanani LOSC Lille, OGC Nice, FC Lorient (prêt)
34%
A Amin Chiakha FC Copenhague
32%
M Himad Abdelli Le Havre AC, Angers SCO
32%
G Moustapha Zeghba Damac FC, CR Belouizdad
32%
M Yassine Benzia Dijon FCO, Hatayspor (prêt), Qarabag FK
32%
D Ilyes Chetti ES Tunis, Angers SCO, Wydad AC, USM Alger
29%
M Amir Sayoud Al-Tai, Al-Raed
26%
A Rachid Ghezzal Besiktas JK, Caykur Rizespor
26%
A Riad Benayad Paradou AC, ES Sétif (prêt), ES Tunis, Raja Casablanca (prêt), USM Alger
26%
M Sofiane Bendebka Al-Fateh
26%
D Yasser Larouci ESTAC Troyes, Sheffield United (prêt), Watford FC (prêt)
26%
M Ahmed Kendouci ES Sétif, Al-Ahly SC, Cleopatra FC (prêt), Cleopatra FC
24%
M Mohamed Farsi Cavalry FC, Columbus Crew
24%
A Aimen Mahious USM Alger, Yverdon Sport, CR Belouizdad (prêt)
21%
M Haris Belkebla Stade Brestois, Ohod Club, Angers SCO
21%
D Mohamed Amine Madani NC Magra, CS Constantine, JS Kabylie
21%
A Monsef Bakrar ES Sétif, NK Istra, New York City FC
21%
M Adlène Guédioura Sheffield United, Burton Albion, Al-Duhail, Al-Wakrah, CR Belouizdad
18%
D Houcine Benayada ES Sahel, Wydad AC, CR Belouizdad
18%
D Abdelkader Bedrane ES Tunis, Damac FC
16%
M Abdelkahar Kadri KV Courtrai
13%
D Akim Zedadka Clermont Foot, LOSC Lille, AJ Auxerre (prêt), Real Zaragoza (prêt), Piast Gliwice
13%
D Ayoub Abdellaoui Al-Ettifaq, MC Alger
13%
M Farid Boulaya FC Metz, Al-Gharafa, Al-Wakrah
13%
D Mehdi Tahrat Al-Gharafa, ESTAC Troyes
11%
G Oussama Benbout USM Alger
11%
D Sohaib Naïr Toulouse FC, EA Guingamp
11%
D Chouaib Keddad CR Belouizdad
8%
M Houssem Mrezigue CR Belouizdad, FC Vizela (prêt), Dinamo Makhatchkala
8%
D Kevin Van Den Kerkhof F91 Dudelange, SC Bastia, FC Metz
8%
M Zakaria Draoui CR Belouizdad, Wydad AC, MC Alger
8%
A Abderrahmane Meziane USM Alger, CR Belouizdad
5%
A Billel Omrani CFR Cluj, FCSB, Petrolul Ploiesti, Wisla Cracovie, ACSM Poli Iasi
5%
G Farid Chaâl MC Alger, Al-Najma, CR Belouizdad
5%
G Chamseddine Rahmani CS Constantine, JS Kabylie, MC Oran
3%
D Haithem Loucif USM Alger, Yverdon Sport, FC Lausanne-Sport (prêt), USM Alger
3%
A Ishak Belfodil Hertha BSC, Al-Gharafa, Sabah FK, IMT Belgrade
3%
A Karim Aribi Nîmes Olympique, CR Belouizdad, Al-Qadsiah, Ohod Club, MC Alger
3%
A Mehdi Léris UC Sampdoria, Brescia Calcio (prêt), Stoke City, Pisa SC
3%
D Mokhtar Belkhiter CR Belouizdad, ASO Chlef
3%
D Naoufel Khacef CD Tondela, Gaziantep FK, CR Belouizdad
3%
D Saadi Radouani USM Alger
3%
A Soufiane Bayazid MC Alger
3%
D Yanis Hamache Boavista FC, SK Dnipro-1, FC Arouca, MC Oran
3%
A Aimen Abdelaziz Lahmeri JS Saoura, ES Sétif (prêt), JS Kabylie
0%
M Akram Djahnit ES Sétif, USM Alger, ES Sétif
0%
D Ayoub Ghezala MC Alger
0%
A Chouaib Debbih CS Constantine, USM Alger, USM Khenchela
0%
M Fethallah Tahar MC Alger, CS Constantine
0%
D Hocine Dehiri Paradou AC, USM Alger (prêt), USM Alger, Qadsia SC (prêt)
0%
D Houari Baouche USM Alger, CS Constantine
0%
A Mohamed Benyettou Al-Wahrah, Al-Sailiya
0%
M Mohamed Islam Bakir CR Belouizdad, USM Khenchela
0%
A Mohamed Islam Belkhir CR Belouizdad
0%
M Oussama Chita USM Alger
0%
D Youcef Amine Laouafi ES Sahel, CR Belouizdad
0%
G Zakaria Bouhalafaya ES Sétif, CS Constantine
0%
Aucun quiz correspondant
Distribution des résultats
% des personnes avec chaque résultat
Percentile par nombre de réponses
Votre historique - résultats
Vous n’avez pas pris ce quiz